000 00616nam a2200241Ia 4500
003 OSt
005 20221007080819.0
006 a|||||r|||| 00| 0
007 ta
008 221006b |||||||| |||| 00| 0 eng d
020 _a231026048
024 _a15,637
037 _cTextual
040 _aFLL
_cFLL
_beng
041 _2eng
_aeng
082 _aX6:8, K3
100 _aSolomon Ezra
245 0 _aTheory of financial management
260 _aNew York
_bColumbia University Press USA
_c1963
300 _a170p
_ccm.
942 _hX6:8, K3
_cTEXL
_2CC
999 _c1160981
_d1160981